Statistics for JetPunk Word Ladder

Click here to take the quiz!

General Stats

  • This quiz has been taken 17,107 times
    (17,100 since last reset)
  • The average score is 34 of 51

Answer Stats

Hint Answer % Correct
For example, a dog or catPet
95%
"Game, ___, match"Set
95%
Commercial airlinerJet
94%
PolicemanCop
89%
2000 lbs.Ton
85%
Slang for marijuanaPot
83%
Where chickens live (add one letter)Coop
80%
Actor EastwoodClint
79%
Breathing organ (remove a letter)Lung
78%
Small childTot
78%
It is planted on a farmCrop
78%
CriminalCon
76%
It comes out of a leaky faucetDrip
75%
Form of rainDrop
75%
VacationTrip
74%
Alcoholic beverageBeer
73%
The Birds and the ____Bees
72%
Helps you hold onGrip
71%
Thug or bullyPunk
70%
Lawn invaderWeed
69%
Giant green superheroHulk
69%
Iroquois or CherokeeTribe
67%
To pay off or influence a resultBribe
66%
Michigan cityFlint
65%
Products available in large quantitiesBulk
65%
CryWeep
64%
What pickles soak inBrine
64%
Chinese fabricSilk
64%
They grown into plantsSeed
64%
Cow's stomach (add one letter)Tripe
64%
Type of SUVJeep
63%
Type of bedBunk
62%
Fate of ships in the Bermuda TriangleSunk
62%
Eye motionBlink
61%
Our moonLuna
60%
To mockJeer
59%
Slang for jailClink
59%
To borrowLend
58%
Past tense of ^Flung
57%
PoutSulk
57%
BeefcakeHunk
56%
Flick or hurlFling
56%
Franklin and StillerBens
55%
To warpBend
55%
PrecipiceBrink
52%
Farm structureSilo
50%
AloneSolo
49%
George Clinton's genreFunk
47%
PeddledSold
45%
Swedish cityLund
45%
Shorter Oxford English DictionarySOED
40%

Score Distribution

Percentile by Number Answered

Percent of People with Each Score

Your Score History

You have not taken this quiz since the last reset